000 nam a22 7a 4500
999 _c8927
_d8927
008 180120b ||||| |||| 00| 0 eng d
100 _aRaman.V.K.
_95242
245 _aLearners Mathematics
260 _aNew Delhi
_bGoyal
_c2008